000 00898nmm a2200289 a 4500
001 ocm000779950
003 TR-IsHL
005 20201028152532.0
008 150709s2010 tu tur
007 cr cn
020 _a9786055506186
035 _a779950
_b(N$T)
050 0 4 _aPS3608.A9445
_bC36 2010
090 0 4 _aPS3608.A9445
_bC36 2010
100 1 _aHayman, James
245 1 0 _aCani
_h[electronic resource] /
_cJames Hayman ; çev. Figen Dereli
250 _a1. bs.
260 _aİstanbul :
_bBilge Kültür Sanat,
_c2010
300 _a365 p.
650 4 _aDil ve Edebiyat
650 4 _aLanguage and Literature
650 0 _aAmerikan romanı
650 0 _aAmerican fiction
650 7 _aLITERARY COLLECTIONS / American / General
_2bisacsh
700 1 _aDereli, Figen
856 4 0 _uhttp://search.ebscohost.com/login.aspx?direct=true&scope=site&db=e011xww&AN=779950
999 _c11578
_d11578